<?xml version="1.0" encoding="UTF-8"?>
<collection xmlns="http://www.loc.gov/MARC21/slim">
<record>
  <controlfield tag="001">169841</controlfield>
  <controlfield tag="005">20260304131020.0</controlfield>
  <datafield tag="037" ind1=" " ind2=" ">
    <subfield code="a">TAZ-TFG-2025-4597</subfield>
  </datafield>
  <datafield tag="041" ind1=" " ind2=" ">
    <subfield code="a">spa</subfield>
  </datafield>
  <datafield tag="100" ind1="1" ind2=" ">
    <subfield code="a">Lasheras Marín, Álvaro</subfield>
  </datafield>
  <datafield tag="242" ind1="0" ind2="0">
    <subfield code="a">EVALUATION OF ATMOSPHERIC PARTICULATE MATTER AND AMMONIA IN THE EBRO VALLEY IN 2024.</subfield>
  </datafield>
  <datafield tag="245" ind1="0" ind2="0">
    <subfield code="a">EVALUACIÓN DE MATERIAL PARTICULADO Y AMONIACO ATMOSFÉRICO EN EL VALLE DEL EBRO EN 2024.</subfield>
  </datafield>
  <datafield tag="260" ind1=" " ind2=" ">
    <subfield code="a">Zaragoza</subfield>
    <subfield code="b">Universidad de Zaragoza</subfield>
    <subfield code="c">2025</subfield>
  </datafield>
  <datafield tag="506" ind1=" " ind2=" ">
    <subfield code="a">by-nc-sa</subfield>
    <subfield code="b">Creative Commons</subfield>
    <subfield code="c">3.0</subfield>
    <subfield code="u">http://creativecommons.org/licenses/by-nc-sa/3.0/</subfield>
  </datafield>
  <datafield tag="520" ind1=" " ind2=" ">
    <subfield code="a">El estudio se centra en la evaluación de material particulado (PM10 y PM2.5) y amoníaco (NH₃) en el valle del Ebro Central durante 2024, compuestos que permanecen en la atmósfera y actúan como contaminantes, afectando negativamente a la salud humana y a los ecosistemas. Las &lt;br />principales fuentes de emisión se diferencian según el entorno: en áreas rurales predominan la agricultura y la ganadería intensiva, especialmente la producción porcina, mientras que en zonas urbanas destacan el tráfico rodado y la actividad doméstica, existiendo también aportes secundarios procedentes de la industria, los residuos y la combustión de biomasa. A nivel normativo, la Unión Europea ha establecido directivas progresivamente más restrictivas. El valle del Ebro Central se identifica como un hotspot europeo de NH₃, asociado a la elevada carga ganadera y al uso intensivo de fertilizantes, lo que justifica la necesidad de un seguimiento específico. La investigación tiene como objetivos analizar la variación estacional y espacial de ambos contaminantes, comparar las diferencias entre áreas rurales y urbanas según sus fuentes de emisión y evaluar la composición del material particulado. Para ello, el NH₃ se muestreó mediante dosímetros en siete localizaciones estratégicas, y el PM con captadores gravimétricos en Bujaraloz (PM10) y Zaragoza-Renovales (PM2.5). Los resultados muestran concentraciones elevadas, en ocasiones superiores a los valores legales, con mayores niveles en zonas rurales debido a la expansión de explotaciones porcinas, además de evidenciar que las condiciones meteorológicas ejercen un papel determinante en las concentraciones y la composición de ambos contaminantes.  &lt;br /></subfield>
  </datafield>
  <datafield tag="521" ind1=" " ind2=" ">
    <subfield code="a">Graduado en Ciencias Ambientales</subfield>
  </datafield>
  <datafield tag="540" ind1=" " ind2=" ">
    <subfield code="a">Derechos regulados por licencia Creative Commons</subfield>
  </datafield>
  <datafield tag="653" ind1="1" ind2=" ">
    <subfield code="a">Aerosoles</subfield>
  </datafield>
  <datafield tag="653" ind1="1" ind2=" ">
    <subfield code="a">Península Ibérica</subfield>
  </datafield>
  <datafield tag="653" ind1="1" ind2=" ">
    <subfield code="a">Contaminante atmosférico</subfield>
  </datafield>
  <datafield tag="653" ind1="1" ind2=" ">
    <subfield code="a">Calidad del aire</subfield>
  </datafield>
  <datafield tag="653" ind1="1" ind2=" ">
    <subfield code="a">Intrusión africana</subfield>
  </datafield>
  <datafield tag="653" ind1="1" ind2=" ">
    <subfield code="a">Tráfico urbano</subfield>
  </datafield>
  <datafield tag="653" ind1="1" ind2=" ">
    <subfield code="a">Agricultura</subfield>
  </datafield>
  <datafield tag="653" ind1="1" ind2=" ">
    <subfield code="a">Ganadería</subfield>
  </datafield>
  <datafield tag="856" ind1="0" ind2=" ">
    <subfield code="f">777916@unizar.es</subfield>
  </datafield>
  <datafield tag="856" ind1="4" ind2=" ">
    <subfield code="s">8721149</subfield>
    <subfield code="u">http://zaguan.unizar.es/record/169841/files/TAZ-TFG-2025-4597.pdf</subfield>
    <subfield code="y">Memoria (spa)</subfield>
  </datafield>
  <datafield tag="909" ind1="C" ind2="O">
    <subfield code="o">oai:zaguan.unizar.es:169841</subfield>
    <subfield code="p">driver</subfield>
    <subfield code="p">trabajos-fin-grado</subfield>
  </datafield>
  <datafield tag="950" ind1=" " ind2=" ">
    <subfield code="a"></subfield>
  </datafield>
  <datafield tag="691" ind1=" " ind2=" ">
    <subfield code="a">3 11 12</subfield>
  </datafield>
  <datafield tag="692" ind1=" " ind2=" ">
    <subfield code="a">Meta 3.9: Para 2030 reducir sustancialmente el número de muertes y enfermedades producidas  por productos químicos peligrosos y la contaminación del aire, el agua y el suelo. Por la manera  en la que el material particulado y el amoniaco afecta a la salud, el trabajo contribuye sobre la  percepción del riesgo y el aumento de la esperanza de vida.  Meta 11.6: De aquí a 2030, reducir el impacto negativo per cápita de las cuidades, incluso  prestando especial atención a la calidad del aire y a la gestión de los desechos municipales y de  otro tipo. La población se concentra en las zonas urbanas, se estima que para 2050 alcanzará el  60% del total, por lo que ubicar equipos para muestrear aire en estas zonas, ofrecerá  información sobre la contribución a la contaminación atmosférica por las actividades urbanas.  Meta 12.a: Ayudar a los países en desarrollo a fortalecer su capacidad científica y tecnologías  para avanzar hacia modalidades de consumo y producción más sostenible. Como se ha  mencionado anteriormente los excrementos generados en las granjas porcinas constituyen una  de las principales fuentes de emisiones de amoniaco (NH₃), junto con el uso de fertilizantes  agrícolas. Por tanto, el estudio de estas emisiones permitirá identificar y promover prácticas más  sostenibles que contribuyan a la reducción de este contaminante y al cumplimiento de los  objetivos ambientales internacionales.</subfield>
  </datafield>
  <datafield tag="700" ind1=" " ind2=" ">
    <subfield code="a">Miguel Salcedo, Natividad </subfield>
    <subfield code="e">dir.</subfield>
  </datafield>
  <datafield tag="700" ind1=" " ind2=" ">
    <subfield code="a">Escudero Tellechea, Miguel</subfield>
    <subfield code="e">dir.</subfield>
  </datafield>
  <datafield tag="710" ind1="2" ind2=" ">
    <subfield code="a">Universidad de Zaragoza</subfield>
    <subfield code="b">Ingeniería Química y Tecnologías del Medio Ambiente</subfield>
    <subfield code="c">Tecnologías del Medio Ambiente</subfield>
  </datafield>
  <datafield tag="980" ind1=" " ind2=" ">
    <subfield code="a">TAZ</subfield>
    <subfield code="b">TFG</subfield>
    <subfield code="c">EPSHUES</subfield>
  </datafield>
  <datafield tag="999" ind1=" " ind2=" ">
    <subfield code="a">20251029155144.CREATION_DATE</subfield>
  </datafield>
  <datafield tag="951" ind1=" " ind2=" ">
    <subfield code="a">deposita:2026-03-04</subfield>
  </datafield>
</record>
</collection>